000 00405nam a2200169Ia 4500
001 6466
003 IN-NITTTR
005 20251114233019.0
008 251113s9999||||xx |||||||||||||| ||eng||
040 _beng
040 _cIN-NITTTR
041 _aeng
082 _a029 R16D
100 _aRanganathan, S. R.
245 0 _aDocumentation :
_b genesis and development /
_cRanganathan, S. R.
942 _2ddc
_cBK
999 _c9104
_d9104